| 000 -LEADER |
| fixed length control field |
01069 a2200301 4500 |
| 020 ## - INTERNATIONAL STANDARD BOOK NUMBER |
| International Standard Book Number |
0387244255 (Cloth) |
| 020 ## - INTERNATIONAL STANDARD BOOK NUMBER |
| International Standard Book Number |
0387260900 (electronic bk.) |
| 024 3# - OTHER STANDARD IDENTIFIER |
| Standard number or code |
9786610634248 |
| 035 ## - SYSTEM CONTROL NUMBER |
| System control number |
cis5717045 |
| 040 ## - CATALOGING SOURCE |
| Original cataloging agency |
DLC |
| Language of cataloging |
DLC |
| 082 04 - DEWEY DECIMAL CLASSIFICATION NUMBER |
| Classification number |
005.8 |
| 100 1# - MAIN ENTRY--PERSONAL NAME |
| Personal name |
Furht, Borivoje. |
| 245 10 - TITLE STATEMENT |
| Title |
Multimedia encryption and watermarking: electronic resource |
| Medium |
electronic resource |
| Statement of responsibility, etc. |
Borko Furht, Edin Muharemagic, Daniel Socek. |
| 260 ## - PUBLICATION, DISTRIBUTION, ETC. |
| Place of publication, distribution, etc. |
New York : |
| Name of publisher, distributor, etc. |
Springer, |
| Date of publication, distribution, etc. |
2005. |
| 300 ## - PHYSICAL DESCRIPTION |
| Extent |
xvii, 327 p. : |
| Other physical details |
ill. ; |
| Dimensions |
24 cm. |
| 490 1# - SERIES STATEMENT |
| Series statement |
Multimedia systems and applications ; |
| Volume/sequential designation |
28 |
| 500 ## - GENERAL NOTE |
| General note |
Title from e-book title screen (viewed June 27, 2008). |
| 650 #0 - SUBJECT ADDED ENTRY--TOPICAL TERM |
| Topical term or geographic name entry element |
Multimedia systems. |
| 650 #0 - SUBJECT ADDED ENTRY--TOPICAL TERM |
| Topical term or geographic name entry element |
Computer security. |
| 655 #7 - INDEX TERM--GENRE/FORM |
| Genre/form data or focus term |
Electronic books. |
| 700 1# - ADDED ENTRY--PERSONAL NAME |
| Personal name |
Muharemagic, Edin. |
| 700 1# - ADDED ENTRY--PERSONAL NAME |
| Personal name |
Socek, Daniel. |
| 710 2# - ADDED ENTRY--CORPORATE NAME |
| Corporate name or jurisdiction name as entry element |
MyiLibrary. |
| 830 #0 - SERIES ADDED ENTRY--UNIFORM TITLE |
| Uniform title |
Multimedia systems and applications series ; |
| 856 40 - ELECTRONIC LOCATION AND ACCESS |
| Uniform Resource Identifier |
<a href="http://www.myilibrary.com?id=63424">http://www.myilibrary.com?id=63424</a> |
| 856 40 - ELECTRONIC LOCATION AND ACCESS |
| Uniform Resource Identifier |
<a href="http://www.springerlink.com/openurl.asp?genre=book&isbn=978-0-387-24425-9">http://www.springerlink.com/openurl.asp?genre=book&isbn=978-0-387-24425-9</a> |
| 942 ## - ADDED ENTRY ELEMENTS (KOHA) |
| Koha item type |
Book |
| Call number prefix |
005.8 FUR |
| Source of classification or shelving scheme |
|